Sort the Ohio Teams Quiz Stats

 Plays Quiz Updated Nov 2, 2018

Score 0/6 Timer 00:30
1 Play Today
Question Answer Wrong Answers
Cleveland Cavaliers NBA
97.6%
MLB
1%
NFL
0.4%
NHL
0.3%
Cincinnati Reds MLB
96.5%
NBA
0.7%
NFL
1%
NHL
0.9%
Cleveland Browns NFL
96.4%
MLB
1.4%
NBA
1%
NHL
0.5%
Cleveland Indians MLB
96.2%
NBA
1%
NFL
1.2%
NHL
0.8%
Cincinnati Bengals NFL
96%
MLB
1.7%
NBA
0.9%
NHL
0.6%
Columbus Blue Jackets NHL
95.5%
MLB
2%
NBA
1.2%
NFL
0.5%

You're not logged in!

Compare scores with friends on all Sporcle quizzes.
OR
Log In

Sporcle TV

Today on Sporcle TV


Watch our educational content, quiz creation guides, and fun videos on Sporcle TV.

Show Comments

Extras

Top Quizzes Today


Score Distribution

Your Account Isn't Verified!

In order to create a playlist on Sporcle, you need to verify the email address you used during registration. Go to your Sporcle Settings to finish the process.

Report this User

Report this user for behavior that violates our Community Guidelines.

Details: